| 000 | 00556nam a22001577a 4500 | ||
|---|---|---|---|
| 003 | OSt | ||
| 005 | 20150906140332.0 | ||
| 008 | 150906b xxu||||| |||| 00| 0 eng d | ||
| 040 | _cRUA | ||
| 082 | _aAGR លីវ 1990 B001 Or.1 | ||
| 100 |
_9102 _aលីវ លាងហ៊ី |
||
| 245 | _aប្រសិទ្ធភាពនៃការប្រើប្រាស់ជីនិងថ្នាំពុលក្នុងការដាំថ្នាំជក់ | ||
| 260 |
_aPhnom Penh _bRUA _c1990 |
||
| 300 |
_a96P. _bill. _c29cm. |
||
| 942 |
_2ddc _cAGR |
||
| 999 |
_c96 _d96 |
||